000 00694nam a2200217 i 4500
001 67042
003 ES-MaACL
005 20230906165935.0
007 t|
008 040430s1997 sp ||||1| spa d
080 _a821.134.2-14"19"
100 1 _aJurado López, Manuel.
_967326
245 1 0 _aManuel Jurado López.
260 _aMálaga :
_bCentro Cultural de la Generación del 27,
_c[1997]
300 _a[12] p. :
_bretr. autor ;
_c22 cm.
490 1 _aCentro Cultural de la Generación del 27 ;
_v10
710 2 _aCentro Cultural Generación del 27.
_92582
830 1 _aCentro Cultural de la Generación del 27 ;
_v10
_9183068
852 _aES-MaACL
_j2169-F-20
999 _c67042
_d67042